00323nam a2200109Ia 4500008004100000041000800041100002000049245007800069260003800147300000800185700002000193250110s9999 xx 000 0 und d aeng aTendolkar Ketki aLandscape Design For Trasmission Corridor : Case-Five Star M.I.D.C. Kagal bM Arch Landscape BNCA, Punec2015 a56p aGuide Name:BNCA